00584nam a2200205 450000500170000002000270001704000330004408200120007710000240008924500510011325000130016426000470017730000360022450400190026054600090027965000150028865000260030365000290032970000200035820250926111105.0 a8177587242cTZS 21,382 aMCCLbengeAACR 2nd.rev.ed. a658 ROB a Robbins, Stephen P aManagementc/ Stephen Robbins and Mary Coulter a8th ed.  aNew Jersey:bPearson Prentice Hall,cc2005 a1 vol. (638 p.) :bill.;c29 cm aIncludes index aeng. aManagement aIndustrial management aOrganizational sociology a Coulter, Mary